000 01042cam a22002655a 4500
001 L158960
008 151103s2015 xxk f 000 0 eng d
035 _a(Sirsi) u158960
041 0 _aeng
110 2 _aKnight Frank
_91530
245 0 0 _aGlobal cities
_bThe 2016 report
260 _a[S.l.]
_b[Knght Frank
_c2015
260 _a[S.I.]
_b[Newton Grubb Knight Frank
_c2015
520 _aWith the United Nations (UN) predicted global population growth of over 380m over the next five years analyses investment opportunities in real estate and infrastructure in 21 global cities.
650 2 4 _aCITIES
650 2 4 _aPOPULATION
651 4 _aInternational
690 _aInfrastructure
_96246
690 _aCommercial property
_96227
690 _aInvestments
_96250
690 _aResidential property
_96266
710 1 _aNewton Grubb Knight Frank
856 4 0 _uhttps://www.knightfrank.com/resources/global-cities/2016/all/global-cities-the-2016-report.pdf
_zView the item free of charge from the www.knightfrank.com
942 _n0
999 _c115600
_d115600